000 01103cam a2200313u 4500
001 4680
003 BD-RjUL
005 20211208233933.0
008 131223s1945 enk 000 0 eng
035 _a(BD-RjUL)4715
040 _aDLC
_cDLC
_dDLC
_dBD-RjUL
_beng
041 _aeng
082 0 4 _220
_a347.7
_bCHC 1945
100 1 _aChalmers, Mackenzie Dalzell Edwin Stewart,
_d1847-1927,
_914751
245 1 0 _aChalmer's Sale of goods act, 1893, including the Factors acts, 1889 & 1890.
_cBy Ralph Sutton ... and N. P. Shannon ...
250 _a12th ed.
260 _aLondon :
_bButterworth & co., ltd.,
_c1945.
300 _a274 p. ;
_c22 cm.
504 _aIncludes index.
650 0 _aSales
_zGreat Britain.
_914459
650 0 _aCommission merchants
_zGreat Britain.
_914752
700 1 _aSutton, Ralph,
_d1881-1960,
_eed.
_914754
700 1 _aShannon, N. P.
_q(Norman Pasquilla),
_ejoint ed.
_914756
710 1 _aGreat Britain.
_kLaws, statutes, etc. [from old catalog]
_97580
740 0 2 _aSale of goods act, 1893.
942 _2ddc
_cBK
999 _c4680
_d4680